[Event "Niederbayernliga 0506"]
[Site "Germany"]
[Date "2005.??.??"]
[Round "2"]
[White "Putz, Georg"]
[Black "Schratzenstaller, Andreas"]
[Result "0-1"]
[WhiteElo "1715"]
[BlackElo "1961"]
[PlyCount "106"]
[EventDate "2005.??.??"]
[EventType "team"]
[EventRounds "9"]
[EventCountry "GER"]
[SourceTitle "EXT 2008"]
[Source "ChessBase"]
[SourceDate "2007.11.25"]
[SourceVersion "1"]
[SourceVersionDate "2007.11.25"]
[SourceQuality "1"]
[WhiteTeam "Simbach"]
[BlackTeam "Landshut"]
[WhiteTeamCountry "GER"]
[BlackTeamCountry "GER"]

1. e4 c5 2. Nc3 Nc6 3. g3 g6 4. Bg2 Bg7 5. d3 d6 6. Nge2 e6 7. 0-0 Nge7 8. f4 0-0 9. Be3 Nd4 10. Qd2 Rb8 11. Nd1 b5 12. c3 Nxe2+ 13. Qxe2 b4 14. d4 bxc3 15. bxc3 Qa5 16. Qd2 Ba6 17. Rf2 Rfd8 18. Rc1 Qa3 19. Bf1 Bxf1 20. Kxf1 f5 21. Qc2 cxd4 22. cxd4 Rdc8 23. Qd2 fxe4 24. Rxc8+ Rxc8 25. Re2 Nd5 26. Bf2 Nf6 27. Re3 Qa6+ 28. Kg2 d5 29. Rc3 Ng4 30. Rxc8+ Qxc8 31. Ne3 Nxe3+ 32. Bxe3 Qc4 33. Kf2 Bf8 34. Qb2 Bb4 35. Qb3 Qxb3 36. axb3 Kf7 37. g4 Ke7 38. Ke2 Kd6 39. Kd1 Kc6 40. Kc2 Kb5 41. h3 Be1 42. Kd1 Bb4 43. Kc2 a5 44. Bc1 a4 45. bxa4+ Kxa4 46. Be3 Be1 47. Kd1 Bc3 48. Kc2 Kb4 49. Bd2 Bxd2 50. Kxd2 Kc4 51. Ke3 Kc3 52. h4 h5 53. f5 exf5 0-1

[Event "Niederbayernliga 0506"]
[Site "Germany"]
[Date "2005.??.??"]
[Round "4"]
[White "Seitner, Ralf"]
[Black "Schratzenstaller, Andreas"]
[Result "1/2-1/2"]
[WhiteElo "1807"]
[BlackElo "1961"]
[PlyCount "24"]
[EventDate "2005.??.??"]
[EventType "team"]
[EventRounds "9"]
[EventCountry "GER"]
[SourceTitle "EXT 2008"]
[Source "ChessBase"]
[SourceDate "2007.11.25"]
[SourceVersion "1"]
[SourceVersionDate "2007.11.25"]
[SourceQuality "1"]
[WhiteTeam "Vilshofen"]
[BlackTeam "Landshut"]
[WhiteTeamCountry "GER"]
[BlackTeamCountry "GER"]

1. d4 Nf6 2. c4 g6 3. Nc3 Bg7 4. e4 d6 5. Be2 0-0 6. Nf3 e5 7. 0-0 exd4 8. Nxd4 Re8 9. f3 Na6 10. Bg5 Nc5 11. b4 Ne6 12. Nxe6 Bxe6 1/2-1/2

[Event "Stuttgart-chA"]
[Site "Stuttgart"]
[Date "2004.??.??"]
[Round "?"]
[White "Lund, Terje"]
[Black "Schratzenstaller, Andreas"]
[Result "1/2-1/2"]
[WhiteElo "1760"]
[BlackElo "2180"]
[PlyCount "108"]
[EventDate "2004.05.20"]
[EventType "swiss"]
[EventRounds "7"]
[EventCountry "GER"]
[SourceTitle "EXT 2007"]
[Source "ChessBase"]
[SourceDate "2006.11.23"]
[SourceVersion "1"]
[SourceVersionDate "2006.11.23"]
[SourceQuality "1"]

1. d4 Nf6 2. Nf3 g6 3. g3 Bg7 4. Bg2 0-0 5. c4 d6 6. 0-0 Nc6 7. Nc3 a6 8. d5 Na5 9. Nd2 c5 10. Rb1 Ne8 11. Qc2 Rb8 12. b3 Nc7 13. Bb2 b6 14. e4 e5 15. dxe6 fxe6 16. f4 b5 17. cxb5 axb5 18. Ne2 Bxb2 19. Rxb2 Nc6 20. a3 Qe7 21. Rc1 e5 22. Rbb1 Ne6 23. Qd3 Bb7 24. Rf1 Ncd4 25. fxe5 Nxe2+ 26. Qxe2 Nd4 27. Qd3 dxe5 28. Rxf8+ Rxf8 29. a4 Qd7 30. Rf1 Rxf1+ 31. Bxf1 c4 32. Qc3 cxb3 33. axb5 Kg7 34. Bd3 Qc8 35. Nc4 Bxe4 36. Bf1 Qc5 37. Qe3 Nf3+ 38. Kf2 Qxe3+ 39. Kxe3 Bd5 40. h3 Bxc4 41. Bxc4 Nd4 42. b6 b2 43. Bd3 Kf6 44. b7 Nc6 45. Kd2 Kg5 46. Kc3 h5 47. Kxb2 h4 48. gxh4+ Kxh4 49. Bxg6 Kxh3 50. Be4 Nb8 51. Kc3 Kg4 52. Kc4 Kg5 53. Bd3 Kf6 54. Kd5 Ke7 1/2-1/2

[Event "Regionalliga SO 0203"]
[Site "Bayern"]
[Date "2003.02.23"]
[Round "7.5"]
[White "Schratzenstaller, Andreas"]
[Black "Peitsch, Sebastian"]
[Result "0-1"]
[WhiteElo "1951"]
[BlackElo "1868"]
[PlyCount "62"]
[EventDate "2002.10.20"]
[EventType "team"]
[EventRounds "9"]
[EventCountry "GER"]
[SourceTitle "EXT 2004"]
[Source "ChessBase"]
[SourceDate "2003.11.25"]
[SourceVersion "1"]
[SourceVersionDate "2003.11.25"]
[SourceQuality "1"]
[WhiteTeam "Landshut"]
[BlackTeam "Freyung"]
[WhiteTeamCountry "GER"]
[BlackTeamCountry "GER"]

1. e4 c5 2. Nf3 e6 3. d4 cxd4 4. Nxd4 a6 5. Nc3 b5 6. Bd3 Qb6 7. Nb3 Bb7 8. Be3 Qc7 9. a3 Nc6 10. Nc5 Ne5 11. Nxb7 Nxd3+ 12. Qxd3 Qxb7 13. 0-0 d6 14. Ne2 Nf6 15. f3 Be7 16. c4 bxc4 17. Qxc4 0-0 18. b4 d5 19. exd5 Nxd5 20. Bd4 Bg5 21. f4 Rac8 22. Qb3 Bf6 23. Bxf6 Nxf6 24. Qf3 Qb6+ 25. Qf2 Qb5 26. Rac1 Ng4 27. Qf3 Qb6+ 28. Kh1 Rxc1 29. Nxc1 Qb5 30. Rd1 Qh5 31. h4 Nf2+ 0-1

[Event "Regionalliga SO 0203"]
[Site "Bayern"]
[Date "2002.10.20"]
[Round "1.5"]
[White "Schratzenstaller, Andreas"]
[Black "Penn, Peter"]
[Result "1/2-1/2"]
[WhiteElo "1951"]
[BlackElo "1938"]
[PlyCount "66"]
[EventDate "2002.10.20"]
[EventType "team"]
[EventRounds "9"]
[EventCountry "GER"]
[SourceTitle "EXT 2004"]
[Source "ChessBase"]
[SourceDate "2003.11.25"]
[SourceVersion "1"]
[SourceVersionDate "2003.11.25"]
[SourceQuality "1"]
[WhiteTeam "Landshut"]
[BlackTeam "Trostberg"]
[WhiteTeamCountry "GER"]
[BlackTeamCountry "GER"]

1. e4 e6 2. d4 d5 3. Nc3 Bb4 4. e5 c5 5. dxc5 Qc7 6. Nf3 Bxc3+ 7. bxc3 Nd7 8. Bd3 Nxe5 9. 0-0 Nxd3 10. cxd3 Qxc5 11. Ne5 Ne7 12. Qa4+ b5 13. Qa5 Rb8 14. Be3 Qd6 15. Bxa7 Qxe5 16. Bxb8 Qxb8 17. Rab1 Nc6 18. Qxb5 Qxb5 19. Rxb5 Kd7 20. Rb6 Kc7 21. Rfb1 Ne5 22. Rb8 Rd8 23. Ra8 Nc6 24. Kf1 Rd7 25. Ke2 g6 26. Kd2 h5 27. g3 Kd8 28. Ke3 Rc7 29. f4 Kd7 30. Kd2 Kd6 31. Ra4 Kd7 32. Ra8 Kd6 33. Ra4 Kd7 1/2-1/2

[Event "Regionalliga SO 0102"]
[Site "Bayern"]
[Date "2002.04.14"]
[Round "8.6"]
[White "Bauer, Robert"]
[Black "Schratzenstaller, Andreas"]
[Result "1-0"]
[WhiteElo "2015"]
[BlackElo "1990"]
[PlyCount "43"]
[EventDate "2001.10.07"]
[EventType "team"]
[EventRounds "9"]
[EventCountry "GER"]
[SourceTitle "EXT 2003"]
[Source "ChessBase"]
[SourceDate "2002.11.25"]
[SourceVersion "1"]
[SourceVersionDate "2002.11.25"]
[SourceQuality "1"]
[WhiteTeam "Freising"]
[BlackTeam "Landshut"]
[WhiteTeamCountry "GER"]
[BlackTeamCountry "GER"]

1. e4 c5 2. Nf3 d6 3. d4 cxd4 4. Nxd4 Nf6 5. Nc3 g6 6. Be3 Bg7 7. f3 0-0 8. Bc4 Nc6 9. Qd2 Bd7 10. 0-0-0 Qa5 11. g4 Rfc8 12. Bb3 Ne5 13. h4 Nc4 14. Bxc4 Rxc4 15. h5 Rac8 16. Nb3 Qa6 17. hxg6 hxg6 18. e5 Rxc3 19. bxc3 Ne8 20. Qh2 e6 21. Qh7+ Kf8 22. Bh6 1-0

[Event "Regionalliga SO 0102"]
[Site "Bayern"]
[Date "2002.02.24"]
[Round "6.6"]
[White "Lettl, Gerhard"]
[Black "Schratzenstaller, Andreas"]
[Result "1-0"]
[WhiteElo "1975"]
[BlackElo "1990"]
[PlyCount "75"]
[EventDate "2001.10.07"]
[EventType "team"]
[EventRounds "9"]
[EventCountry "GER"]
[SourceTitle "EXT 2003"]
[Source "ChessBase"]
[SourceDate "2002.11.25"]
[SourceVersion "1"]
[SourceVersionDate "2002.11.25"]
[SourceQuality "1"]
[WhiteTeam "Deggendorf"]
[BlackTeam "Landshut"]
[WhiteTeamCountry "GER"]
[BlackTeamCountry "GER"]

1. e4 c5 2. c3 Nf6 3. e5 Nd5 4. d4 e6 5. Nf3 cxd4 6. cxd4 b6 7. Bd3 Bb7 8. 0-0 Be7 9. Nbd2 Nb4 10. Be4 Qc7 11. a3 Bxe4 12. Nxe4 Nd5 13. Bg5 f6 14. Bh4 0-0 15. exf6 Nxf6 16. Nc3 Qb7 17. Re1 Kh8 18. Qd3 Na6 19. Re3 Nc7 20. Rae1 Ncd5 21. Nxd5 Qxd5 22. Ne5 Bd6 23. Rh3 Nh5 24. Bg5 Rf5 25. Rxh5 h6 26. Rh3 Rxg5 27. Nf7+ Kg8 28. Nxg5 Qxg5 29. Rf3 Qh5 30. h3 Rc8 31. Qa6 Rc7 32. Rc3 Rxc3 33. bxc3 Qf5 34. Qc8+ Kh7 35. Qxd7 Qf4 36. Qxe6 Qh2+ 37. Kf1 Bxa3 38. Qf5+ 1-0

[Event "Regionalliga SO 0102"]
[Site "Bayern"]
[Date "2002.01.20"]
[Round "4.6"]
[White "Popp, Michael"]
[Black "Schratzenstaller, Andreas"]
[Result "1-0"]
[WhiteElo "1900"]
[BlackElo "1990"]
[PlyCount "89"]
[EventDate "2001.10.07"]
[EventType "team"]
[EventRounds "9"]
[EventCountry "GER"]
[SourceTitle "EXT 2003"]
[Source "ChessBase"]
[SourceDate "2002.11.25"]
[SourceVersion "1"]
[SourceVersionDate "2002.11.25"]
[SourceQuality "1"]
[WhiteTeam "Straubing"]
[BlackTeam "Landshut"]
[WhiteTeamCountry "GER"]
[BlackTeamCountry "GER"]

1. d4 Nf6 2. c4 g6 3. Nc3 Bg7 4. e4 d6 5. Nf3 0-0 6. Be2 e5 7. dxe5 dxe5 8. Qxd8 Rxd8 9. Bg5 c6 10. Nxe5 Re8 11. 0-0-0 Nxe4 12. Nxe4 Bxe5 13. Nf6+ Bxf6 14. Bxf6 Nd7 15. Rxd7 Bxd7 16. Bf3 Be6 17. b3 Rac8 18. Kb2 Rc7 19. Re1 Rd7 20. Kc3 Rc8 21. g3 Bf5 22. Re3 h5 23. Bd4 c5 24. Bf6 Be6 25. Re1 a6 26. a4 Bh3 27. Re5 Kh7 28. Be4 Bf5 29. Bd5 Rd6 30. Be7 Rd7 31. Bf6 Rd6 32. Be7 Rd7 33. Bf6 Kg8 34. Re1 Be6 35. Rxe6 fxe6 36. Bxe6+ Kf8 37. Bxd7 Rc7 38. Bh3 Kf7 39. Bg5 Rc6 40. Bg2 Rd6 41. Bf4 Rd7 42. Bd5+ Kf6 43. h4 a5 44. Kd2 Ke7 45. Be5 1-0

[Event "Regionalliga SO 0102"]
[Site "Bayern"]
[Date "2001.11.11"]
[Round "2.6"]
[White "Deues, Erik"]
[Black "Schratzenstaller, Andreas"]
[Result "1-0"]
[WhiteElo "2010"]
[BlackElo "1990"]
[PlyCount "69"]
[EventDate "2001.10.07"]
[EventType "team"]
[EventRounds "9"]
[EventCountry "GER"]
[SourceTitle "EXT 2003"]
[Source "ChessBase"]
[SourceDate "2002.11.25"]
[SourceVersion "1"]
[SourceVersionDate "2002.11.25"]
[SourceQuality "1"]
[WhiteTeam "Unterpfaffenhofen"]
[BlackTeam "Landshut"]
[WhiteTeamCountry "GER"]
[BlackTeamCountry "GER"]

1. d4 Nf6 2. c4 g6 3. Nc3 Bg7 4. e4 d6 5. Be2 0-0 6. Bg5 Na6 7. Qd2 c6 8. h4 e5 9. d5 cxd5 10. Nxd5 Nc7 11. Nxf6+ Bxf6 12. 0-0-0 Ne6 13. Bh6 Bg7 14. Bxg7 Kxg7 15. Nf3 Nf4 16. g3 Nxe2+ 17. Qxe2 Bg4 18. Qe3 Qf6 19. Rd3 Bxf3 20. Qxf3 Qxf3 21. Rxf3 Rac8 22. Rc3 f5 23. exf5 gxf5 24. Rd1 Rf6 25. Rd5 b6 26. Kd2 Kg6 27. b3 Kh5 28. Rcd3 Rc6 29. Ke2 Kg4 30. Rd1 f4 31. f3+ Kxg3 32. Rg1+ Kxh4 33. Rg4+ Kh3 34. Rd1 Kh2 35. Kf2 1-0

[Event "Regionalliga SO 0102"]
[Site "Bayern"]
[Date "2001.10.07"]
[Round "1.5"]
[White "Penn, Peter"]
[Black "Schratzenstaller, Andreas"]
[Result "1/2-1/2"]
[WhiteElo "1885"]
[BlackElo "1990"]
[PlyCount "35"]
[EventDate "2001.10.07"]
[EventType "team"]
[EventRounds "9"]
[EventCountry "GER"]
[SourceTitle "EXT 2003"]
[Source "ChessBase"]
[SourceDate "2002.11.25"]
[SourceVersion "1"]
[SourceVersionDate "2002.11.25"]
[SourceQuality "1"]
[WhiteTeam "Trostberg"]
[BlackTeam "Landshut"]
[WhiteTeamCountry "GER"]
[BlackTeamCountry "GER"]

1. d4 Nf6 2. Nf3 g6 3. c4 Bg7 4. g3 0-0 5. Bg2 d6 6. 0-0 Nc6 7. Nc3 a6 8. e4 e5 9. dxe5 Nxe5 10. Nxe5 dxe5 11. h3 Be6 12. Qe2 c6 13. Be3 Qa5 14. a3 Rfd8 15. b4 Qc7 16. Na4 Nd7 17. Rfd1 b5 18. Nb2 1/2-1/2

[Event "Bad Woerishofen Seniors op 17th"]
[Site "Bad Woerishofen"]
[Date "2001.03.21"]
[Round "7"]
[White "Schratzenstaller, Andreas"]
[Black "Gestrich, Wolfgang"]
[Result "1-0"]
[WhiteElo "1756"]
[BlackElo "1594"]
[PlyCount "73"]
[EventDate "2001.03.??"]
[EventType "swiss"]
[EventRounds "9"]
[EventCountry "GER"]
[SourceTitle "EXT 2002"]
[Source "ChessBase"]
[SourceDate "2001.11.25"]
[SourceVersion "1"]
[SourceVersionDate "2001.11.25"]
[SourceQuality "1"]

1. c4 e5 2. Nc3 f5 3. d3 c6 4. Nf3 d6 5. g3 Nf6 6. Bg2 Qc7 7. 0-0 h6 8. Nh4 Qf7 9. e3 g5 10. Nf3 Be6 11. b4 g4 12. Nh4 a6 13. f4 e4 14. dxe4 Bxc4 15. Rf2 fxe4 16. Nxe4 Nxe4 17. Bxe4 Rg8 18. Qc2 Qf6 19. Bb2 Qe6 20. Bf5 Qd5 21. Rd1 Qb5 22. Qe4+ Kd8 23. Bf6+ Kc7 24. Qe8 Kb6 25. Bd4+ c5 26. bxc5+ dxc5 27. Rb2 cxd4 28. Rxb5+ Bxb5 29. Qe6+ Nc6 30. Qxg8 dxe3 31. Qxg4 e2 32. Rb1 Re8 33. Nf3 Bc5+ 34. Kg2 Nd4 35. Rxb5+ axb5 36. Qg6+ Ka5 37. Qxe8 1-0

[Event "Bad Woerishofen Seniors op 17th"]
[Site "Bad Woerishofen"]
[Date "2001.03.15"]
[Round "1"]
[White "Schratzenstaller, Andreas"]
[Black "Zoltek, Tadeusz"]
[Result "0-1"]
[WhiteElo "1756"]
[BlackElo "2304"]
[PlyCount "76"]
[EventDate "2001.03.??"]
[EventType "swiss"]
[EventRounds "9"]
[EventCountry "GER"]
[SourceTitle "EXT 2002"]
[Source "ChessBase"]
[SourceDate "2001.11.25"]
[SourceVersion "1"]
[SourceVersionDate "2001.11.25"]
[SourceQuality "1"]

1. c4 e6 2. Nc3 d5 3. e3 Nf6 4. d4 c6 5. Nf3 Nbd7 6. b3 Bd6 7. Bd3 0-0 8. 0-0 dxc4 9. Bxc4 e5 10. Qc2 h6 11. h3 Qe7 12. Bd3 Re8 13. Nd2 Nb6 14. Nce4 exd4 15. exd4 Bb8 16. Bb2 Nbd5 17. Rae1 Be6 18. Ng3 Qd7 19. Nde4 Nxe4 20. Bxe4 Bc7 21. Bf3 Nf6 22. Rd1 Bd5 23. Bxd5 Nxd5 24. Rde1 Bxg3 25. fxg3 Ne3 26. Qf2 Nxf1 27. Rxf1 Qd5 28. Re1 Rxe1+ 29. Qxe1 Qe6 30. Qc3 Re8 31. Kh2 Qe1 32. Qc5 Re2 33. Qf5 Qf2 34. Qxf2 Rxf2 35. Ba3 Rxa2 36. Bd6 Rd2 37. Bb8 Rxd4 38. Bxa7 Rb4 0-1

[Event "Bad Woerishofen Seniors op 16th"]
[Site "Bad Woerishofen"]
[Date "2000.??.??"]
[Round "7"]
[White "Harke, Horst"]
[Black "Schratzenstaller, Andreas"]
[Result "1-0"]
[WhiteElo "1725"]
[BlackElo "1825"]
[PlyCount "65"]
[EventDate "2000.03.??"]
[EventType "swiss"]
[EventRounds "9"]
[EventCountry "GER"]
[SourceTitle "EXT 2003"]
[Source "ChessBase"]
[SourceDate "2002.11.25"]
[SourceVersion "1"]
[SourceVersionDate "2002.11.25"]
[SourceQuality "1"]

1. d4 Nf6 2. c4 e5 3. dxe5 Ne4 4. Nc3 Nxc3 5. bxc3 Nc6 6. Nf3 d6 7. g3 Be6 8. Qa4 Bd7 9. exd6 Bxd6 10. Qc2 0-0 11. Be3 Na5 12. c5 Be7 13. Rd1 Qc8 14. Bd4 b5 15. Ne5 Be6 16. Bg2 c6 17. 0-0 f6 18. Nd3 Bf5 19. e4 Bg6 20. Nb4 Nc4 21. Qe2 a5 22. Nd3 Qc7 23. Nf4 Bf7 24. Bh3 Ne5 25. Be6 Ng6 26. Bxf7+ Rxf7 27. Nxg6 hxg6 28. Qg4 g5 29. Qe6 Kf8 30. f4 Re8 31. fxg5 Bxc5 32. Bxc5+ Ree7 33. g6 1-0

[Event "Bad Woerishofen Seniors op 16th"]
[Site "Bad Woerishofen"]
[Date "2000.??.??"]
[Round "9"]
[White "Wohlfart, Karl Heinz"]
[Black "Schratzenstaller, Andreas"]
[Result "0-1"]
[WhiteElo "1740"]
[BlackElo "1825"]
[PlyCount "48"]
[EventDate "2000.03.??"]
[EventType "swiss"]
[EventRounds "9"]
[EventCountry "GER"]
[SourceTitle "EXT 2003"]
[Source "ChessBase"]
[SourceDate "2002.11.25"]
[SourceVersion "1"]
[SourceVersionDate "2002.11.25"]
[SourceQuality "1"]

1. Nf3 d5 2. g3 b6 3. Bg2 Bb7 4. 0-0 Nf6 5. c4 e6 6. Nc3 Be7 7. d3 0-0 8. cxd5 Nxd5 9. Bd2 c5 10. Rc1 Nc6 11. a3 Rc8 12. Qa4 Bf6 13. Qg4 Nxc3 14. Bxc3 Bxc3 15. Rxc3 Qf6 16. e3 Rfd8 17. Rfc1 Rc7 18. d4 Rcd7 19. b4 cxd4 20. exd4 Nxd4 21. Nxd4 Rxd4 22. Qe2 Rd2 23. Qe1 Qxc3 24. Bxb7 Qxc1 0-1